000 01805cam a22005054i 4500
003 PE-LiUPU
005 20250731173024.0
008 150623s r 000 0 d
020 _a1563382911
035 _a(Sirsi) i9781563382918
040 _aPE-LiUPU
_bspa
_cPE-LiUPU
_erda
049 _aPRUA
082 0 4 _a270.1
_bH39
_221
100 1 _aHengel, Martin,
_eautor.
245 1 0 _aConflicts and challenges in early Christianity /
_cMartin Hengel y C.K. Barrett ; editado por Donald A. Hagner.
264 1 _aHarrisburg, Pennsylvania :
_bTrinity Press International,
_c1999.
300 _a103 páginas ;
_c22 centímetros
336 _atext
_2rdacontent
337 _aunmediated
_2rdamedia
338 _avolume
_2rdacarrier
504 _aIncluye bibliografía.
505 0 _aEarly christianity as a Jewish-Messianic, universalistic movement. -Paul: councils and controversies.
526 _aSEG42
526 _aSEG41
526 _aSEG40
526 _aSEG39
526 _aP94
526 _aP87
526 _aP86
526 _aP85
526 _aP77
526 _aP76
526 _aP35
630 _aBiblia.
_pN.T.
_xCrítica, interpretación, etc.
650 0 4 _aCristianismo y otras religiones
_xJudaísmo.
_91491
650 0 4 _aJudaísmo
_xRelaciones
_xCristianismo.
650 0 4 _aJudios en el Nuevo Testamento.
700 1 _aBarrett, C. K.,
_d1917-,
_eautor.
942 _2ddc
_cBOOK
949 _a270.1 H39
_wDEWEY
_c1
_i47888
_lCCODEBUL1
_mBUL
_r0
_sY
_tBOOK
_u2015-6-24
_xTEOLOGIA
_PP35
_0COMPRA
_o.STAFF. Colección General
994 _aC0
_bPEPRU
596 _a1
999 _a270.1 H39
_wDEWEY
_c24360
_i47888
_f2021-11-11
_g5
_lCCODEBUL1
_mBUL
_r0
_sY
_tBOOK
_u2015-6-24
_xTEOLOGIA
_PP35
_0COMPRA
_o.STAFF. Colección General
_d24360
980 _81
_gALBERTO SANCHEZ Responsable de Automatización